Tổng hợp hữu cơ và hóa dầu Tập 1
Nội dung tập 1 gồm 4 chương: Chương 1: Những nguyên liệu cho quá trình tổng hợp hóa dầu và hữu cơ cơ bản Chương 2: Các quá trình ALKYL hóa Chương 3: Các quá trình ĐEHYDRO hóa và HYDRO hóa Chương 4: Tổng hợp trên cơ sở OXYT CARBON....
Wedi'i Gadw mewn:
| Prif Awdur: | |
|---|---|
| Fformat: | Llyfr |
| Iaith: | Vietnamese |
| Cyhoeddwyd: |
TP. Hồ Chí Minh
Đại học quốc gia TP. Hồ Chí Minh
2005
|
| Rhifyn: | Tái bản lần thứ nhất |
| Pynciau: | |
| Tagiau: |
Ychwanegu Tag
Dim Tagiau, Byddwch y cyntaf i dagio'r cofnod hwn!
|
| Thư viện lưu trữ: | Thư viện Trường Đại học Nam Cần Thơ |
|---|
| LEADER | 01808nam a22002537a 4500 | ||
|---|---|---|---|
| 001 | NCT_39417 | ||
| 008 | 180608b xxu||||| |||| 00| 0 vie d | ||
| 999 | |c 1901 |d 1901 | ||
| 020 | |c 26000 | ||
| 082 | 0 | 4 | |2 23rd ed. |a 547.2 |b T121/T.1 |
| 100 | 1 | |a Phan Minh Tân | |
| 245 | 1 | 0 | |a Tổng hợp hữu cơ và hóa dầu |n Tập 1 |c Phan Minh Tân |
| 250 | |a Tái bản lần thứ nhất | ||
| 260 | |a TP. Hồ Chí Minh |b Đại học quốc gia TP. Hồ Chí Minh |c 2005 | ||
| 300 | |a 266 tr. |c 24 cm | ||
| 520 | 3 | |a Nội dung tập 1 gồm 4 chương: Chương 1: Những nguyên liệu cho quá trình tổng hợp hóa dầu và hữu cơ cơ bản Chương 2: Các quá trình ALKYL hóa Chương 3: Các quá trình ĐEHYDRO hóa và HYDRO hóa Chương 4: Tổng hợp trên cơ sở OXYT CARBON. | |
| 653 | |a Công nghệ kỹ thuật hóa học | ||
| 942 | |2 ddc |c BK | ||
| 952 | |0 0 |1 0 |2 ddc |4 0 |6 547_200000000000000_T121_T_1 |7 0 |9 9795 |a 000001 |b 000001 |d 2018-06-08 |o 547.2 T121/T.1 |p MD.09185 |r 2018-06-08 |v 26000.00 |w 2018-06-08 |y BK | ||
| 952 | |0 0 |1 0 |2 ddc |4 0 |6 547_200000000000000_T121_T_1 |7 0 |9 9796 |a 000001 |b 000001 |d 2018-06-08 |o 547.2 T121/T.1 |p MD.09186 |r 2018-06-08 |v 26000.00 |w 2018-06-08 |y BK | ||
| 952 | |0 0 |1 0 |2 ddc |4 0 |6 547_200000000000000_T121_T_1 |7 0 |9 9797 |a 000001 |b 000001 |d 2018-06-08 |o 547.2 T121/T.1 |p MD.09187 |r 2018-06-08 |v 26000.00 |w 2018-06-08 |y BK | ||
| 952 | |0 0 |1 0 |2 ddc |4 0 |6 547_200000000000000_T121_T_1 |7 0 |9 9798 |a 000001 |b 000001 |d 2018-06-08 |o 547.2 T121/T.1 |p MD.09188 |r 2018-06-08 |v 26000.00 |w 2018-06-08 |y BK | ||
| 952 | |0 0 |1 0 |2 ddc |4 0 |6 547_200000000000000_T121_T_1 |7 0 |9 9799 |a 000001 |b 000001 |d 2018-06-08 |o 547.2 T121/T.1 |p MD.09189 |r 2018-06-08 |v 26000.00 |w 2018-06-08 |y BK | ||
| 980 | |a Thư viện Trường Đại học Nam Cần Thơ | ||